| 000 | 00512nam a22001937a 4500 | ||
|---|---|---|---|
| 005 | 20240215124354.0 | ||
| 010 | _aENG-139265 | ||
| 020 | _c200.00 | ||
| 035 | _aEN-122797 | ||
| 037 | _bDBAD/PUB | ||
| 082 | _a954 | ||
| 100 |
_aJhamb , Chaman Lal _962124 |
||
| 245 |
_aINDIA/ _b(1857-2019): _cChaman Lal Jhamb |
||
| 250 | _a1 | ||
| 260 |
_aChandigarh _bDhauladhar Print Pack _c2021 |
||
| 270 |
_a1227, Sector 33C _bChandigarh |
||
| 300 |
_a116p. _c21cm(hbk) |
||
| 942 |
_2ddc _cEN _h954 _mJHA |
||
| 999 |
_c200780 _d200780 |
||